| 000 | 00438nam a2200145 4500 | ||
|---|---|---|---|
| 001 | 127192 | ||
| 003 | ES-MaACL | ||
| 007 | t| | ||
| 008 | 070214s1910 sp r ||||1| spa d | ||
| 100 | 1 |
_aReyes Prosper, Eduardo. _996594 |
|
| 245 | 1 | 4 |
_aLas carofitas de España / _cEduardo Reyes Prosper. |
| 260 |
_aMadrid : _b[s.n.], _c1910 ( _fImp. Artística Española) |
||
| 300 |
_a206 p., 27 lám. : _bil. ; _c25 cm. |
||
| 852 |
_aES-MaACL _jG-11012 |
||
| 999 |
_c127192 _d127192 |
||